| 000 | 01078cam a2200229 4500 | ||
|---|---|---|---|
| 001 | ##L131822 | ||
| 008 | 051212n2003 000 0 eng u | ||
| 020 | _a1860816282 | ||
| 035 | _a(Sirsi) u131822 | ||
| 041 | 0 | _aeng | |
| 050 | 0 | 4 | _a624.1513 $2 18 |
| 100 | 1 | _aBaker, Paul | |
| 245 | 0 | 0 | _aImproving air quality in homes with supply air windows |
| 260 |
_aLondon _bBRE _c2003 |
||
| 300 |
_a6p _bdiagrams, graphs _c30cm |
||
| 490 | 0 |
_aBRE Information Paper _vIP 6/03 |
|
| 520 | _aSupply air windows provide pre-heated ventilation air by partially reclaiming heat normally lost to the outside and by collecting solar gains. This paper describes the development of supply air windows and summarises recent research work by BRE and the Martin Centre. It also presents the results of a modelling study carried out for the design of a PSV system with supply air windows incorporated in demonstration houses. | ||
| 690 | _aBUILT ENVIRONMENT-BUILDING ELEMENTS-PARTS OF BUILDING ELEMENTS-OPENINGS-WINDOWS | ||
| 700 | 1 | _aMcEvoy, Mike | |
| 700 | 1 | _aSouthall, Ryan | |
| 942 | _n0 | ||
| 999 |
_c104855 _d104855 |
||